• 首页
  • 本馆介绍
  • 公告通知
  • 最新文献
  • 馆藏检索
  • 电子资源
  • 读者导购
  • 参考咨询
  • 我的图书馆
  • 登录
  • 详细信息显示
  • 放入我的书架
  • 预约/预借图书
  • 作者相关作品
  • 分类相关作品
  • 丛书相关作品
  • 出版社相关作品

书目信息

  • 表格格式
  • 工作单格式
  • 卡片格式
题名:
中国经济2040
    
 
作者: 梁国勇 著
分册:  
出版信息: 北京   中国人民大学出版社  2017
页数: 230页
开本: 23cm
丛书名:
单 册:
中图分类: F120.4
科图分类:
主题词: 中国经济--经济发展战略--研究
电子资源:
ISBN: 978-7-300-24019-0
000 01236nam0 2200241 45
001 012001005236
005 20181010093143.64
010    @a978-7-300-24019-0@dCNY218.00
100    @a20171116d2017 em y0chiy50 ea
101 0  @achi
102    @aCN@b110000
105    @ay z 000yy
106    @ar
200 1  @a中国经济2040@9zhong guo jing ji 2040@e全球变局与中国道路@f梁国勇著
205    @a2版
210    @a北京@c中国人民大学出版社@d2017
215    @a230页@d23cm
330    @a中国经济将走向何方,这是许多经济界人士和决策者关心的话题。本书梳理了这么几方面的内容:其一,中国目前的经济水平,在纵向和横向的比较中的位置是怎样的——或者说, 我们现在哪里;其二, 中国在经济发展上取得的成就,为什么取得这样的成就——换言之,我们以前做对了什么;其三,中国经济现有的主要问题以及内部情况和外部环境变化的影响是怎样的——也就是说,我们需要再做什么。作者具备全球视野,在国际比较的框架中,从国际贸易、国际金融、汇率与外汇储备、国际投资等多方面,对中国经济面临的问题进行分析,对中国经济未来发展进行展望,对于关心中国发展的专业读者和政策制定者具有较大的借鉴意义。
606 0  @a中国经济@x经济发展战略@x研究
690    @aF120.4@v5
701  0 @a梁国勇@9liang guo yong@4著
801  0 @aCN@b上海新华@c20180901
905    @b1173257-9@dF120.4@e293=2@f3
    
    中国经济2040:全球变局与中国道路/梁国勇著.-2版.-北京:中国人民大学出版社,2017
    230页;23cm
    
    
    ISBN 978-7-300-24019-0:CNY218.00
    中国经济将走向何方,这是许多经济界人士和决策者关心的话题。本书梳理了这么几方面的内容:其一,中国目前的经济水平,在纵向和横向的比较中的位置是怎样的——或者说, 我们现在哪里;其二, 中国在经济发展上取得的成就,为什么取得这样的成就——换言之,我们以前做对了什么;其三,中国经济现有的主要问题以及内部情况和外部环境变化的影响是怎样的——也就是说,我们需要再做什么。作者具备全球视野,在国际比较的框架中,从国际贸易、国际金融、汇率与外汇储备、国际投资等多方面,对中国经济面临的问题进行分析,对中国经济未来发展进行展望,对于关心中国发展的专业读者和政策制定者具有较大的借鉴意义。
●
相关链接 在E读中查询图书 在五车中查询图书 在当当中查询图书 在豆瓣中查询图书


正题名:中国经济2040     索取号:F120.4/293=2         预约/预借

序号 登录号 条形码 馆藏地/架位号 状态 备注
1 1173257   211732570   第一样本阅览室/ [索取号:F120.4/293=2] 在馆    
2 1173258   211732589   密集书库-海洋学院/ [索取号:F120.4/293=2] 在馆    
3 1173259   211732598   第一借阅区/ [索取号:F120.4/293=2] 在馆    
唐山师范学院图书馆 欢迎您!
大连网信软件有限公司© 版权所有